000 00804nam a2200217 i 4500
001 46653
003 ES-MaACL
005 20230906161426.0
007 t|
008 030331s1950 sp |||| | spa d
111 2 _aCongreso Internacional del Cine (
_n4º.
_d1947.
_cBruselas)
_9459
245 1 0 _aOrientaciones internacionales del cinema /
_cIV Congreso Internacional del Cine.
260 _aMadrid :
_b[Seminario de Problemas Hispanoamericanos],
_c1950 (
_fGráf. Jesús Álvarez)
300 _aXXXIII, 38-422 p. ;
_c21 cm.
490 1 _aCuadernos de monografías ;
_v13
650 0 4 _aCine-
_vCongresos y asambleas.
_911019
710 2 _aSeminario de Problemas Hispanoamericanos.
_96559
830 1 _aCuadernos de monografías ;
_v13
_9183354
852 _aES-MaACL
_jD-8208
999 _c46653
_d46653